Normal view
MARC view
- اسرائيل-الاسرائيليون-الاسلام-المسيحية-اليهود
Entry Topical Term
001 - CONTROL NUMBER
- control field: 8437
003 - CONTROL NUMBER IDENTIFIER
- control field: JO-AjAnu
005 - DATE AND TIME OF LATEST TRANSACTION
- control field: 20230606071648.0
008 - FIXED-LENGTH DATA ELEMENTS
- fixed length control field: 230606|| aca||aabn | a|a d
040 ## - CATALOGING SOURCE
- Original cataloging agency: JO-AjAnu
- Transcribing agency: JO-AjAnu
150 ## - HEADING--TOPICAL TERM
- Topical term or geographic name entry element: اسرائيل-الاسرائيليون-الاسلام-المسيحية-اليهود
670 ## - SOURCE DATA FOUND
- Source citation: Work cat.: (JO-AjAnu)4355: جابر،خليل حسن, author 8436, بنو اسرائيل والإفساد الثالث ونهايتهم حتمية قرآنية توراتية إنجيلية